Poznámky k možnostem využití kupónové privatizace k rozvoji ekonomické demokracie.
Porovnanie metódy privatizácie na základe zamestnaneckých akcií ESOP (Employee Stock Ownership Plan - plán vlastnenia kapitálu zamestnancami) s kupónovou privatizáciou a možnosti ich kombinácie. Konkrétne námety na drobné zlepšenia.
Guardado en:
| Autor principal: | |
|---|---|
| Formato: | Capítulo de libro |
| Lenguaje: | checo |
| Materias: | |
| Etiquetas: |
Sin Etiquetas, Sea el primero en etiquetar este registro!
|
MARC
| LEADER | 00000naa a2200000 4500 | ||
|---|---|---|---|
| 001 | r006561 | ||
| 005 | 20221125081225.6 | ||
| 041 | 0 | |a cze | |
| 044 | |a [CS] | ||
| 245 | 1 | 0 | |a Poznámky k možnostem využití kupónové privatizace k rozvoji ekonomické demokracie. |c J. Vaněk |
| 520 | |a Porovnanie metódy privatizácie na základe zamestnaneckých akcií ESOP (Employee Stock Ownership Plan - plán vlastnenia kapitálu zamestnancami) s kupónovou privatizáciou a možnosti ich kombinácie. Konkrétne námety na drobné zlepšenia. | ||
| 610 | 2 | 0 | |a privatizácia |
| 610 | 2 | 0 | |a akcie |
| 610 | 2 | 0 | |a demokracia podniková |
| 610 | 2 | 0 | |a ESOP |
| 610 | 2 | 0 | |a ČSFR |
| 100 | 1 | |a Vaněk, J. | |